000
00283nam a2200121Ia 4500
003
OSt
005
20230823102010.0
008
170524s9999 xx 000 0 und d
040
_c
IIMT UNIVERSITY
100
_a
JAIN P K
245
0
_a
INTERNATIONAL FINANCIAL MANAGEMENT
942
_2
ddc
_c
02
999
_c
9989
_d
9989